Ortschaften des Kantons Graubünden - Statistiken

Allgemein
  • Dieses Quiz wurde 309 mal gespielt
  • Das Durchschnittsergebnis liegt bei 125 aus 298
Antworten auf der Karte
Die Antworten werden auf der Karte rot bzw. grün angezeigt, abhängig davon wie oft sie richtig erraten wurden.
 
Antwortstatistiken
Einwohner Ortschaft % Korrekt
37'386 Chur
93%
68 Lüen
88%
4'709 St. Moritz
88%
46
83%
1'794 Disentis/Mustér
81%
4'921 Landquart
81%
3'241 Klosters
79%
2'112 Laax
79%
3'413 Thusis
79%
2'036 Arosa
76%
1'690 Flims Dorf
75%
1'092 Flims Waldhaus
75%
528 Lantsch/Lenz
74%
3'009 Ilanz/Glion
73%
904 Trin
73%
614 Trin Mulin
73%
2'446 Scuol
71%
919 Vals
71%
1'541 Poschiavo
70%
2'913 Samedan
70%
8'286 Domat/Ems
69%
3'182 Maienfeld
69%
1'062 Zernez
69%
2'077 Pontresina
68%
415 Samnaun-Compatsch
68%
340 Samnaun Dorf
68%
653 Breil/Brigels
66%
1'633 Rhäzüns
66%
83 Sils/Segl Baselgia
66%
535 Sils/Segl Maria
66%
966 Sils (im Domleschg)
66%
72 Sur
66%
3'540 Bonaduz
65%
2'468 Schiers
65%
1'220 Tamins
65%
985 Trun
65%
3'179 Trimmis
64%
1'218 Zuoz
64%
370 Bergün/Bravuogn
63%
1'415 Cazis
63%
5'900 Davos Platz
63%
627 Falera
63%
1'506 Lenzerheide/Lai
63%
741 Sedrun
63%
763 Andeer
61%
917 Churwalden
61%
799 Obersaxen
61%
1'398 Celerina/Schlarigna
60%
2'707 Davos Dorf
60%
2'833 Felsberg
60%
314 Rothenbrunnen
60%
257 Seewis-Schmitten
60%
669 Silvaplana
60%
194 Silvaplana-Surlej
60%
2'677 Untervaz
60%
687 Jenaz
59%
458 Pragg-Jenaz
59%
1'129 Savognin
59%
499 S-chanf
59%
3'589 Zizers
59%
657 Brusio
58%
426 Filisur
58%
1'031 Küblis
58%
628 Müstair
58%
328 Splügen
58%
119 Sta. Maria in Calanca
58%
328 Sta. Maria Val Müstair
58%
607 Bever
56%
183 Bivio
56%
732 La Punt Chamues-ch
56%
2'527 Malans
56%
1'605 Grüsch
55%
340 Maloja
55%
1'110 Mesocco
54%
968 Seewis Dorf
54%
204 Seewis-Pardisla
54%
607 Vaz/Obervaz
54%
3'674 Igis
53%
77 Rossa
53%
766 Sagogn
53%
863 Fläsch
51%
197 Madulain
51%
2'625 Roveredo
51%
139 Safien Platz
51%
287 Sumvitg
51%
252 Tiefencastel
51%
209 Schmitten (Albula)
50%
207 St. Antönien
50%
140 Tschappina
50%
618 Fideris
49%
175 Fürstenau
49%
29 Juf
49%
310 S. Bernardino
49%
151 Sufers
49%
1'115 Haldenstein
48%
948 Jenins
48%
612 Schluein
48%
139 Avers
46%
228 Conters (im Prättigau)
46%
276 Cunter
46%
466 Ftan
46%
746 Malix
46%
193 Tschiertschen
46%
63 Alvaneu Bad
45%
342 Alvaneu Dorf
45%
203 Furna
45%
77 Martina
45%
4 Ospizio Bernina
45%
163 Urmein
45%
544 Vella
45%
282 Versam
45%
47 Ausserferrera
44%
151 Cumpadials
44%
19 Preda
44%
421 Rueun
44%
769 Saas (im Prättigau)
44%
615 Valbella
44%
171 Vrin
44%
296 Waltensburg/Vuorz
44%
136 Brienz/Brinzauls
43%
652 Davos Wolfgang
43%
140 Feldis/Veulden
43%
254 Flerden
43%
61 Hinterrhein
43%
35 Innerferrera
43%
65 Mon
43%
772 Sent
43%
168 St. Peter
43%
107 Tavanasa
43%
169 Davos Monstein
41%
386 Davos Wiesen
41%
173 Guarda
41%
850 Lostallo
41%
215 Parpan
41%
838 Scharans
41%
332 Soazza
41%
203 Tarasp
41%
64 Uors (Lumnezia)
41%
419 Zillis
41%
1'229 Grono
40%
237 Langwies
40%
200 Lavin
40%
25 Pigniu
40%
61 Rongellen
40%
329 Valendas
40%
185 Luzein
39%
525 Maladers
39%
47 Medels im Rheinwald
39%
140 Nufenen
39%
412 Rabius
39%
198 Susch
39%
91 Buseno
38%
456 Champfèr
38%
122 Degen
38%
387 Le Prese
38%
524 Masein
38%
174 Peist
38%
206 Surrein
38%
146 Tschierv
38%
101 Bondo
36%
713 Cama
36%
112 Castiel
36%
415 Davos Glaris
36%
316 Lumbrein
36%
24 Marmorera
36%
609 Mastrils
36%
192 Passugg
36%
817 S. Vittore
36%
99 Tenna
36%
212 Andiast
35%
378 Ardez
35%
591 Pany
35%
100 Praden
35%
356 Ramosch
35%
57 Riein
35%
234 Rueras
35%
344 Ruschein
35%
461 Serneus
35%
30 St. Martin (Lugnez)
35%
107 Thalkirch
35%
496 Tumegl/Tomils
35%
326 Vicosoprano
35%
230 Castaneda
34%
262 Curaglia
34%
144 Dardin
34%
955 Li Curt
34%
110 Molinis
34%
221 Morissen
34%
58 Rona
34%
157 Vignogn
34%
108 Alvaschein
33%
150 Campocologno
33%
150 Luven
33%
20 Miralago
33%
70 Schlans
33%
150 Siat
33%
212 Tinizong
33%
113 Valzeina
33%
430 Castrisch
31%
236 Cumbel
31%
301 Danis
31%
330 Davos Frauenkirch
31%
218 Flond
31%
96 Ladir
31%
2 La Rösa
31%
55 Lohn
31%
54 Mathon
31%
126 Präz
31%
189 Salouf
31%
172 Sarn
31%
236 Segnas
31%
151 Soglio
31%
177 Strada
31%
53 Trans
31%
92 Zignau
31%
117 Brail
30%
233 Donat
30%
117 Litzirüti
30%
60 Pagig
30%
569 Paspels
30%
85 Pitasch
30%
295 Pratval
30%
314 Rodels
30%
231 Surava
30%
29 Wergenstein
30%
71 Arvigo
29%
177 Castasegna
29%
93 Cinuos-chel
29%
157 Fidaz
29%
41 Mumpé Medel
29%
624 S. Carlo (Poschiavo)
29%
219 Sevgein
29%
68 Surcasti
29%
59 Vnà
29%
104 Casaccia
28%
73 Duvin
28%
14 Peiden
28%
184 Says
28%
460 Summaprada
28%
131 Surcuolm
28%
213 Almens
26%
199 Buchen (im Prättigau)
26%
29 Cauco
26%
42 Mutten
26%
125 Pignia
26%
33 Schuders
26%
14 Solis
26%
116 Stierva
26%
177 Tartar
26%
142 Tschlin
26%
81 Borgonovo
25%
444 Fanas
25%
216 Lunden
25%
4 Obermutten
25%
66 Platta
25%
111 Promontogno
25%
109 Schnaus
25%
187 Stampa
25%
162 Valchava
25%
134 Vulpera
25%
61 Calfreisen
24%
237 Campascio
24%
15 Cavardiras
24%
38 Clugin
24%
256 Davos Clavadel
24%
81 Fex
24%
112 Fuldera
24%
174 Fürstenaubruck
24%
63 Latsch
24%
15 Mulegns
24%
20 Sta. Domenica
24%
41 Tersnaus
24%
9 Plaun da Lej
23%
142 Riom
23%
145 Scheid
23%
12 Stugl/Stuls
23%
106 Ascharina
21%
37 Camuns
21%
0 Laura
21%
124 Parsonz
21%
49 Selma
21%
81 Vattiz
21%
149 Verdabbio
21%
56 Viano
21%
196 Camischolas
20%
104 Putz
20%
24 S. Benedetg
20%
64 Augio
19%
48 Dalin
19%
7 Sfazù
19%
23 Portein
18%
131 Pusserein
18%
62 Braggio
16%
129 Fajauna
16%
188 Leggia
16%
70 Stels
15%
26 Gadenstätt
14%
114 Chapella
13%
Keine übereinstimmenden Quizze gefunden
Verteilung der Resultate
Anzahl Personen mit jedem Resultat
Perzentil nach korrekt beantworteten Fragen
Ihre Resultats-Entwicklung
Sie haben dieses Quiz noch nicht gespielt